| 000 | 00457nam a22001697a 4500 | ||
|---|---|---|---|
| 003 | CEME | ||
| 005 | 20210628202457.0 | ||
| 008 | 210316b xxu||||| |||| 00| 0 eng d | ||
| 020 | _a81-85814-58-9 | ||
| 040 | _c. | ||
| 082 | _a658.8 FRA'T | ||
| 100 |
_aFraser-Robinson, J _960072 |
||
| 245 | _aTotal quality marketing what has to come next in sales,marketing and advertising | ||
| 260 |
_aALLAHABAD _bWHEELER _c1995 |
||
| 300 | _a256P | ||
| 942 |
_cBK _2ddc |
||
| 999 |
_c569901 _d569901 |
||